Normal view
MARC view
- S Ahmed Uzair Nasir NC Usama Shamim NC Muhammad Bin Abdul Waheed
Entry Personal Name
001 - CONTROL NUMBER
- control field: 73069
003 - CONTROL NUMBER IDENTIFIER
- control field: NUST
005 - DATE AND TIME OF LATEST TRANSACTION
- control field: 20210628204949.0
008 - FIXED-LENGTH DATA ELEMENTS
- fixed length control field: 210628|| aca||aabn | a|a d
040 ## - CATALOGING SOURCE
- Original cataloging agency: NUST
- Transcribing agency: NUST
100 ## - HEADING--PERSONAL NAME
- Personal name: S Ahmed Uzair Nasir NC Usama Shamim NC Muhammad Bin Abdul Waheed
670 ## - SOURCE DATA FOUND
- Source citation: Work cat.: (NUST): S Ahmed Uzair Nasir NC Usama Shamim NC Muhammad Bin Abdul Waheed, PR-SOF-1928-Design, Evaluation and Conversion of Cd- 70 to Electric Bike, 2020
